[Event "2BLW 1819 SC Remagen Sinzig - SV Oberur"]
[Site "?"]
[Date "2018.11.11"]
[Round "2.3"]
[White "Schlamp, Robert"]
[Black "Petrisor, Adrian-Marian"]
[Result "0-1"]
[WhiteElo "2301"]
[BlackElo "2425"]
[PlyCount "66"]
[EventDate "2018.??.??"]

1. Nf3 d5 2. g3 Nc6 3. d4 Bf5 4. Bg2 Nb4 5. Na3 e6 6. O-O Nf6 7. Bf4 Bd6 8.
Bxd6 Qxd6 9. c4 O-O 10. Qb3 a5 11. Nb5 Qb6 12. Na3 a4 13. Qc3 Ne4 14. Qe3 dxc4
15. Nxc4 Qa6 16. Rfc1 Nd5 17. Qa3 b5 18. Nfd2 b4 19. Qf3 Ndf6 20. Nxe4 Bxe4 21.
Qf4 Bxg2 22. Kxg2 Rad8 23. e3 c5 24. dxc5 Qc6+ 25. Kg1 Qxc5 26. b3 axb3 27.
axb3 Qh5 28. Kg2 Rd3 29. Ra5 Nd5 30. Qd6 Qe2 31. Qe5 Rxb3 32. Rca1 Qxc4 33. Ra8
Ra3 0-1

[Event "2BLW 1819 SC Remagen Sinzig - SV Oberur"]
[Site "?"]
[Date "2018.11.11"]
[Round "2.4"]
[White "Polaczek, Richard"]
[Black "Fromme, Ernst"]
[Result "1-0"]
[WhiteElo "2373"]
[BlackElo "2142"]
[PlyCount "65"]
[EventDate "2018.??.??"]

1. d4 d5 2. Nf3 Nf6 3. c4 c6 4. Nc3 g6 5. e3 Bg7 6. Bd3 O-O 7. O-O Bg4 8. h3
Bxf3 9. Qxf3 dxc4 10. Bxc4 Nbd7 11. Rd1 Qa5 12. Bd2 Qf5 13. Qe2 Nb6 14. Bb3 Ne4
15. g4 Nxc3 16. bxc3 Qc8 17. e4 c5 18. a4 cxd4 19. cxd4 Bxd4 20. Rac1 Qb8 21.
Qf3 Bg7 22. Bb4 Qe5 23. Rc5 Qf6 24. Qxf6 Bxf6 25. g5 Bg7 26. Rc7 Rfd8 27. Bxe7
Rxd1+ 28. Bxd1 Rc8 29. Rxb7 Rc1 30. Kg2 Be5 31. Bf6 Rxd1 32. Bxe5 Nc8 33. Bf6
1-0

[Event "2BLW 1819 SC Remagen Sinzig - SV Oberur"]
[Site "?"]
[Date "2018.11.11"]
[Round "2.6"]
[White "Huhndorf, Arnold"]
[Black "Weber, Samuel"]
[Result "1-0"]
[WhiteElo "2233"]
[BlackElo "2217"]
[PlyCount "107"]
[EventDate "2018.??.??"]

1. d4 Nf6 2. c4 e6 3. g3 Bb4+ 4. Bd2 a5 5. Bg2 O-O 6. Nf3 b6 7. O-O Bb7 8. Bf4
Be7 9. Nc3 Ne4 10. Nb5 Na6 11. Qc2 d6 12. h4 f5 13. Ng5 Bxg5 14. hxg5 Rb8 15.
Qc1 Qe7 16. f3 e5 17. fxe4 exf4 18. Qxf4 Bxe4 19. Bxe4 fxe4 20. Qg4 Nb4 21. Nc3
Rbe8 22. a3 Nc2 23. Nd5 Qe6 24. Rxf8+ Kxf8 25. Rf1+ Kg8 26. Qxe6+ Rxe6 27. Nxc7
Re7 28. Nd5 Rf7 29. e3 Rxf1+ 30. Kxf1 Kf7 31. Kf2 Na1 32. Nxb6 Nb3 33. Na4 Ke6
34. g4 Nd2 35. c5 Nc4 36. Nb6 Nxb6 37. cxb6 Kd7 38. Kg3 Kc6 39. Kf4 Kxb6 40.
Kxe4 a4 41. Kd5 Kb5 42. e4 g6 43. e5 dxe5 44. dxe5 Kb6 45. Kd6 Kb7 46. Kd7 h6
47. gxh6 g5 48. h7 Ka7 49. h8=Q Kb7 50. Qc8+ Ka7 51. Qc5+ Ka6 52. Qb4 Ka7 53.
Kc7 Ka8 54. Qb7# 1-0

[Event "2BLW 1819 SC Remagen Sinzig - SV Oberur"]
[Site "?"]
[Date "2018.11.11"]
[Round "2.8"]
[White "Suranyi, Pal"]
[Black "Neininger, Ralph"]
[Result "0-1"]
[WhiteElo "2061"]
[BlackElo "2115"]
[PlyCount "78"]
[EventDate "2018.??.??"]

1. d4 d5 2. Nf3 Nf6 3. c4 dxc4 4. g3 b5 5. a4 b4 6. Bg2 Bb7 7. O-O e6 8. Nbd2
c5 9. Nxc4 Nc6 10. dxc5 Bxc5 11. Bf4 Nd5 12. Bg5 f6 13. Bd2 O-O 14. Qc2 Rc8 15.
Qe4 Qe7 16. Qh4 Rfd8 17. Rac1 Rd7 18. Bh3 Rcd8 19. Qg4 Re8 20. Qh5 Rdd8 21. e4
Nb6 22. a5 g6 23. Bxe6+ Kh8 24. Qh4 Qxe6 25. axb6 axb6 26. e5 Nd4 27. Nxd4 Bxd4
28. Qxf6+ Qxf6 29. exf6 b3 30. f7 Rf8 31. Bc3 Bxc3 32. Rxc3 Rxf7 33. f4 Ba6 34.
Ne5 Rff8 35. Rc7 Bxf1 36. Kxf1 Rd2 37. Nf7+ Rxf7 38. Rxf7 Rxb2 39. Rb7 Rc2 0-1

[Event "2BLW 1819 SG Solingen II - SV Koblenz"]
[Site "?"]
[Date "2018.11.11"]
[Round "2.1"]
[White "Seul, Georg"]
[Black "Wegerle, Joerg"]
[Result "1/2-1/2"]
[WhiteElo "2419"]
[BlackElo "2405"]
[PlyCount "101"]
[EventDate "2018.??.??"]

1. e4 c5 2. Nf3 Nc6 3. Bb5 g6 4. Bxc6 dxc6 5. d3 Bg7 6. h3 Nf6 7. Nc3 Nd7 8.
Be3 e5 9. Qd2 h6 10. O-O Qe7 11. Nh2 Nf8 12. f4 exf4 13. Bxf4 g5 14. Bg3 Be6
15. e5 Ng6 16. Nf3 Bd5 17. Nxd5 cxd5 18. d4 c4 19. Nh2 a5 20. Ng4 Ra6 21. Ne3
Qd7 22. Qe2 O-O 23. Qh5 Ne7 24. c3 Qe6 25. Rae1 Qg6 26. Qf3 Rd8 27. Ng4 Re6 28.
h4 h5 29. Nf6+ Bxf6 30. exf6 Rxe1 31. Bxe1 Nc6 32. hxg5 Qxg5 33. Qf5 Qg6 34.
Bd2 Kh7 35. a4 Qxf5 36. Rxf5 Kg6 37. Rg5+ Kxf6 38. Rxh5 Rd7 39. Kf2 Ne7 40. Rh8
Kg7 41. Ra8 Nc6 42. Bf4 f6 43. Rc8 Kf7 44. Kf3 Ke6 45. g3 Na7 46. Re8+ Kf7 47.
Rb8 Nc6 48. Rc8 Ke6 49. Re8+ Kf7 50. Rc8 Ke6 51. Re8+ {(=)} 1/2-1/2

[Event "2BLW 1819 SG Solingen II - SV Koblenz"]
[Site "?"]
[Date "2018.11.11"]
[Round "2.2"]
[White "Schroeder, Kevin"]
[Black "Fritsche, Lutz"]
[Result "1-0"]
[WhiteElo "2311"]
[BlackElo "2307"]
[PlyCount "125"]
[EventDate "2018.??.??"]

1. e4 d6 2. d4 g6 3. c4 Bg7 4. Nc3 Nf6 5. Be2 O-O 6. Be3 Nbd7 7. Qc2 c5 8. Rd1
Qa5 9. Nf3 Ng4 10. Bc1 a6 11. O-O cxd4 12. b4 Qh5 13. Nd5 Nde5 14. Nxe7+ Kh8
15. Bf4 Nxf3+ 16. Bxf3 Be6 17. Nd5 Qh4 18. Bxg4 Qxg4 19. f3 Qh5 20. Bxd6 Rfc8
21. Bc5 b5 22. Bxd4 Bxd4+ 23. Rxd4 Qe5 24. Rfd1 Rxc4 25. Rxc4 bxc4 26. Qxc4 Rc8
27. Qd4 Qxd4+ 28. Rxd4 Rc1+ 29. Kf2 Rc2+ 30. Kg3 Rxa2 31. Nc7 Bb3 32. e5 Kg7
33. Ne8+ Kf8 34. Nf6 h5 35. h4 Be6 36. Rd8+ Ke7 37. Rd6 Bb3 38. Nd5+ Kf8 39.
Rd8+ Kg7 40. Nf6 Re2 41. Rg8+ Kh6 42. Ne4 Kh7 43. Rb8 Kg7 44. Rb6 Rb2 45. Ng5
Bc4 46. Rb7 Kf8 47. Ne4 Bd5 48. Rb8+ Ke7 49. Nf6 Bc6 50. Rb6 Bb5 51. Nd5+ Kf8
52. e6 fxe6 53. Nc7 Bc4 54. Nxe6+ Kf7 55. Ng5+ Kg7 56. Rb7+ Kg8 57. Ne4 Bb5 58.
Kf4 Rxb4 59. Kg5 a5 60. Ra7 Bd3 61. Kxg6 Kf8 62. Rxa5 Rb2 63. Rg5 1-0

[Event "2BLW 1819 SG Solingen II - SV Koblenz"]
[Site "?"]
[Date "2018.11.11"]
[Round "2.3"]
[White "Hammes, Michael"]
[Black "Schaefer, Markus"]
[Result "1/2-1/2"]
[WhiteElo "2347"]
[BlackElo "2380"]
[PlyCount "37"]
[EventDate "2018.??.??"]

1. d4 d5 2. c4 c6 3. Nc3 Nf6 4. Nf3 e6 5. Bg5 Be7 6. e3 O-O 7. cxd5 cxd5 8. Bd3
Nc6 9. O-O Ne8 10. Bxe7 Qxe7 11. e4 dxe4 12. Bxe4 Qd6 13. d5 exd5 14. Qxd5 Qxd5
15. Bxd5 Nb4 16. Bb3 Nd3 17. Rad1 Nc5 18. Bd5 Nf6 19. b4 1/2-1/2

[Event "2BLW 1819 SG Solingen II - SV Koblenz"]
[Site "?"]
[Date "2018.11.11"]
[Round "2.4"]
[White "Berg, Michael"]
[Black "Wolf, Volker"]
[Result "1/2-1/2"]
[WhiteElo "2320"]
[BlackElo "2282"]
[PlyCount "56"]
[EventDate "2018.??.??"]

1. d4 e6 2. c4 f5 3. g3 Nf6 4. Bg2 d5 5. Nf3 Bd6 6. O-O O-O 7. b3 b6 8. Ba3 Bb7
9. Qc1 Nc6 10. Qe3 Re8 11. Bxd6 cxd6 12. Nc3 dxc4 13. bxc4 Rc8 14. Nd2 Qd7 15.
Rfd1 Ba6 16. Nb5 Na5 17. Qa3 Bxb5 18. cxb5 Qxb5 19. e3 Qd7 20. Rac1 Red8 21.
Bf1 Ne4 22. Nxe4 fxe4 23. Ba6 Nb7 24. Rxc8 Qxc8 25. Rc1 Qd7 26. Qc3 d5 27. Bxb7
Qxb7 28. Qc7 Qxc7 {(=)} 1/2-1/2

[Event "2BLW 1819 SG Solingen II - SV Koblenz"]
[Site "?"]
[Date "2018.11.11"]
[Round "2.5"]
[White "Doncevic, Dario"]
[Black "Michalczak, Thomas"]
[Result "1-0"]
[WhiteElo "2259"]
[BlackElo "2163"]
[PlyCount "77"]
[EventDate "2018.??.??"]

1. Nf3 Nf6 2. g3 g6 3. Bg2 Bg7 4. d4 d5 5. O-O O-O 6. Nbd2 c5 7. dxc5 Na6 8.
Nb3 Ne4 9. Ng5 Bf5 10. c3 Rc8 11. Nxe4 Bxe4 12. Bxe4 dxe4 13. Be3 e5 14. Qxd8
Rfxd8 15. Rfd1 Bf8 16. Bg5 Rxd1+ 17. Rxd1 Kg7 18. Be3 Rc7 19. Rd8 Nxc5 20. Rxf8
Nxb3 21. Re8 Na5 22. Rxe5 Nc4 23. Rxe4 f5 24. Bd4+ Kf7 25. Rh4 h5 26. b3 Nd2
27. c4 a6 28. f3 b5 29. Bc3 Nb1 30. Ba5 Rd7 31. Kf2 Na3 32. c5 Rd1 33. c6 Ke6
34. c7 Kd7 35. Rf4 Nc2 36. g4 Rd5 37. gxf5 gxf5 38. e4 fxe4 39. Rf7+ 1-0

[Event "2BLW 1819 SG Solingen II - SV Koblenz"]
[Site "?"]
[Date "2018.11.11"]
[Round "2.6"]
[White "Hobusch, Jan"]
[Black "Stewart, Neil"]
[Result "1-0"]
[WhiteElo "2201"]
[BlackElo "2215"]
[PlyCount "127"]
[EventDate "2018.??.??"]

1. d4 d5 2. Nf3 Nf6 3. c4 e6 4. Nc3 Be7 5. Bf4 O-O 6. e3 b6 7. Be2 c5 8. dxc5
bxc5 9. O-O Bb7 10. cxd5 exd5 11. Rc1 Na6 12. Be5 Nc7 13. Qa4 Nd7 14. Bg3 Nb6
15. Qa5 Ne6 16. Rfd1 Bd6 17. Bxd6 Qxd6 18. Ne4 Qe7 19. Nxc5 Nxc5 20. Rxc5 Nc4
21. Qc7 Qxc7 22. Rxc7 Nd6 23. Nd4 Rfd8 24. Nf5 Nxf5 25. Rxb7 d4 26. e4 Nd6 27.
Rb4 Nxe4 28. Rbxd4 Rxd4 29. Rxd4 Nc5 30. Kf1 Ne6 31. Ra4 Rc8 32. Bc4 a5 33. b3
Rc5 34. Bxe6 fxe6 35. Rc4 Re5 36. f4 Rd5 37. Ke2 Kf7 38. Ke3 Rd1 39. Ra4 Rd5
40. Rd4 Rc5 41. Rc4 Rd5 42. Rd4 Rc5 43. Kd2 Kf6 44. Rd7 h5 45. a3 h4 46. Rd3 g5
47. b4 axb4 48. axb4 Rf5 49. fxg5+ Rxg5 50. g3 hxg3 51. hxg3 Rb5 52. Kc3 Rb8
53. Kc4 Rc8+ 54. Kd4 e5+ 55. Kd5 Rd8+ 56. Ke4 Rb8 57. Rb3 Rb5 58. Kd3 Kf5 59.
Kc4 Rb8 60. b5 e4 61. Kc5 Ke5 62. b6 Rc8+ 63. Kb5 Kd4 64. b7 1-0

[Event "2BLW 1819 SG Solingen II - SV Koblenz"]
[Site "?"]
[Date "2018.11.11"]
[Round "2.7"]
[White "Repplinger, Marc"]
[Black "Gupta, Milon"]
[Result "1-0"]
[WhiteElo "2201"]
[BlackElo "2176"]
[PlyCount "139"]
[EventDate "2018.??.??"]

1. d4 d5 2. Nf3 Nf6 3. c4 e6 4. g3 dxc4 5. Bg2 Bd7 6. Ne5 Bc6 7. Nxc6 Nxc6 8.
O-O Qd7 9. e3 Rb8 10. Qe2 b5 11. b3 cxb3 12. axb3 Bb4 13. Bd2 Bxd2 14. Nxd2 O-O
15. Rfc1 Rb6 16. Ne4 Nxe4 17. Bxe4 f5 18. Bf3 a6 19. Qc2 Nb4 20. Qxc7 Qxc7 21.
Rxc7 Rf7 22. Rc8+ Rf8 23. Rc7 Rf7 24. Rc5 Rd7 25. Kf1 Kf8 26. Ke2 Ke7 27. Kd2
Nd5 28. Bxd5 exd5 29. Kc3 b4+ 30. Kd2 Kd6 31. Raa5 Ke6 32. h4 g6 33. Ke2 h6 34.
Kf3 Rbd6 35. Rc8 Rb6 36. Rh8 Kf6 37. Rf8+ Kg7 38. Ra8 Rdd6 39. Rc8 Rd7 40. Rcc5
Rbd6 41. Ra4 Rb6 42. Raa5 Rbd6 43. Rc8 Rb6 44. Kf4 Kf6 45. Rf8+ Ke6 46. Rc5
Rdd6 47. Rc7 Rdc6 48. Rg7 a5 49. Rxg6+ Ke7 50. Rxc6 Rxc6 51. Ra8 Rc3 52. Ke5
Rxb3 53. Rxa5 Rb2 54. Ra7+ Kf8 55. f3 Re2 56. Kf4 b3 57. Rb7 b2 58. h5 Kg8 59.
Kxf5 Rxe3 60. Kf4 Re2 61. g4 Kf8 62. Kf5 Rf2 63. f4 Ke8 64. Ke5 Rg2 65. Kxd5
Rxg4 66. Ke5 Rh4 67. d5 Rxh5+ 68. Ke6 Kd8 69. d6 Kc8 70. Rxb2 1-0

[Event "2BLW 1819 SG Solingen II - SV Koblenz"]
[Site "?"]
[Date "2018.11.11"]
[Round "2.8"]
[White "Wickenfeld, Stefan"]
[Black "Bohn, Thomas"]
[Result "1-0"]
[WhiteElo "2186"]
[BlackElo "2328"]
[PlyCount "53"]
[EventDate "2018.??.??"]

1. e4 e6 2. d4 d5 3. Nc3 Nf6 4. e5 Nfd7 5. f4 c5 6. Nf3 Nc6 7. Be3 Qb6 8. Na4
Qa5+ 9. c3 cxd4 10. b4 Qc7 11. Nxd4 Nxd4 12. Bxd4 Nb8 13. Bd3 Nc6 14. Bf2 Bd7
15. a3 Be7 16. O-O O-O 17. Rc1 b6 18. c4 d4 19. c5 bxc5 20. Nxc5 Bxc5 21. Rxc5
Qb6 22. Bh4 f5 23. exf6 gxf6 24. Qg4+ Kf7 25. Bxh7 Ke7 26. Qg7+ Kd6 27. Bxf6
1-0

[Event "2BLW 1819 SC Hansa Dortmund - DJK Aache"]
[Site "?"]
[Date "2018.11.11"]
[Round "2.1"]
[White "Dambacher, Martijn"]
[Black "Klyuner, Vyacheslav"]
[Result "1/2-1/2"]
[WhiteElo "2501"]
[BlackElo "2433"]
[PlyCount "53"]
[EventDate "2018.??.??"]

1. d4 Nf6 2. c4 e6 3. Nf3 Bb4+ 4. Nbd2 d5 5. Qa4+ Nc6 6. a3 Be7 7. e3 O-O 8.
Bd3 h6 9. O-O Nb8 10. b4 Nbd7 11. Bb2 c6 12. c5 Qc7 13. Rae1 Re8 14. Ne5 Nxe5
15. dxe5 Nd7 16. f4 b6 17. cxb6 Nxb6 18. Qb3 a5 19. Rc1 axb4 20. axb4 Nd7 21.
Bb1 Qb6 22. Bd4 Qxb4 23. Qd3 Nf8 24. Rxc6 Qa4 25. Rfc1 Bd7 26. Rc7 Rec8 27.
Rxc8 {(=)} 1/2-1/2

[Event "2BLW 1819 SC Hansa Dortmund - DJK Aache"]
[Site "?"]
[Date "2018.11.11"]
[Round "2.2"]
[White "Scholz, Christian"]
[Black "Swinkels, Robin"]
[Result "0-1"]
[WhiteElo "2388"]
[BlackElo "2492"]
[PlyCount "62"]
[EventDate "2018.??.??"]

1. d4 d5 2. c4 c6 3. Nc3 Nf6 4. e3 e6 5. Nf3 Nbd7 6. Qc2 Bd6 7. Be2 dxc4 8.
Bxc4 O-O 9. O-O e5 10. Rd1 Qc7 11. g3 h6 12. e4 Re8 13. Qb3 Re7 14. d5 b5 15.
Bf1 Nc5 16. Qc2 Bg4 17. Be2 b4 18. Na4 Ncxe4 19. dxc6 Rc8 20. Nh4 Bxe2 21. Qxe2
Qxc6 22. Nf5 Qxa4 23. Rxd6 Rec7 24. Rd1 Rc2 25. Qe1 Nxf2 26. Rd2 Nh3+ 27. Kg2
Qd7 28. Qxe5 Rxd2+ 29. Bxd2 Qxd2+ 30. Kxh3 Rc2 31. Nxh6+ Qxh6+ 0-1

[Event "2BLW 1819 SC Hansa Dortmund - DJK Aache"]
[Site "?"]
[Date "2018.11.11"]
[Round "2.3"]
[White "Van Dooren, Dirk"]
[Black "Wegener, Olaf"]
[Result "*"]
[WhiteElo "2327"]
[BlackElo "2428"]
[PlyCount "119"]
[EventDate "2018.??.??"]

1. e4 c5 2. Nf3 d6 3. d4 cxd4 4. Nxd4 Nf6 5. Nc3 a6 6. h3 e6 7. g4 h6 8. Bg2
Be7 9. Be3 Nc6 10. Qe2 Nxd4 11. Bxd4 e5 12. Be3 Be6 13. O-O-O Qa5 14. Kb1 Rc8
15. Nd5 Bxd5 16. exd5 Qb4 17. f4 Nd7 18. fxe5 Nxe5 19. a3 Qc4 20. Qf2 Bh4 21.
Qf5 g6 22. Qe4 Qxe4 23. Bxe4 Ke7 24. Rhf1 Bf6 25. Rde1 Bg7 26. Bd2 Rce8 27. Bf4
Rhf8 28. Bd2 Kd7 29. Bc3 Bh8 30. Re2 Rc8 31. Bd2 Bg7 32. b3 Rce8 33. Ref2 Ke7
34. a4 Rc8 35. a5 Rce8 36. c4 Nd7 37. Bc2 f5 38. gxf5 g5 39. Re2+ Ne5 40. Bb4
Rc8 41. f6+ Bxf6 42. Rfe1 Kd7 43. Bf5+ Kc7 44. Bxc8 Rxc8 45. Rf1 Bg7 46. Bc3
Rg8 47. Rf5 Nd7 48. Bxg7 Rxg7 49. Kc2 Ne5 50. Rf6 Ng6 51. Rg2 Kd7 52. Rg3 Ke7
53. Re6+ Kd7 54. Rf3 h5 55. Rff6 Nf4 56. Rxd6+ Kc7 57. Rb6 Nxh3 58. d6+ Kb8 59.
Rf8+ Ka7 60. Re8 *

[Event "2BLW 1819 SC Hansa Dortmund - DJK Aache"]
[Site "?"]
[Date "2018.11.11"]
[Round "2.4"]
[White "Ackermann, Hans Werner"]
[Black "Buscher, Michael"]
[Result "1/2-1/2"]
[WhiteElo "2272"]
[BlackElo "2386"]
[PlyCount "81"]
[EventDate "2018.??.??"]

1. Nf3 d6 2. d4 f5 3. Nc3 Nf6 4. Bg5 e6 5. e4 fxe4 6. Nxe4 Be7 7. Nxf6+ Bxf6 8.
h4 Nd7 9. Bd3 Nf8 10. Qd2 Bd7 11. Be4 Bc6 12. Bxc6+ bxc6 13. Qc3 Qd7 14. Bxf6
gxf6 15. O-O-O Rg8 16. g3 Rb8 17. Rhe1 Kf7 18. Re3 Rb5 19. Qa3 a5 20. Rb3 Ng6
21. Rxb5 cxb5 22. Qxa5 Ne7 23. Qc3 Ra8 24. a3 Nd5 25. Qd3 Kg7 26. c3 Qc6 27.
Kd2 Nb6 28. Ke2 Nc4 29. Rb1 e5 30. d5 Qd7 31. Kf1 Re8 32. Qe2 Qf5 33. Rd1 Nxb2
34. Re1 Nd3 35. Rd1 e4 36. Rxd3 exd3 37. Qxe8 Qxf3 38. Qe7+ Kg6 39. Qe8+ Kg7
40. Qe7+ Kg8 41. Qe8+ 1/2-1/2

[Event "2BLW 1819 SC Hansa Dortmund - DJK Aache"]
[Site "?"]
[Date "2018.11.11"]
[Round "2.5"]
[White "Lenaerts, Lennert"]
[Black "Kotter, Ralf"]
[Result "1/2-1/2"]
[WhiteElo "2364"]
[BlackElo "2387"]
[PlyCount "55"]
[EventDate "2018.??.??"]

1. d4 Nf6 2. c4 e6 3. Nc3 Bb4 4. Qc2 c5 5. dxc5 Bxc5 6. Nf3 Qb6 7. e3 Qc7 8.
Be2 b6 9. b3 a6 10. Bb2 Bb7 11. Rc1 Be7 12. Qb1 d6 13. h3 Nbd7 14. O-O O-O 15.
Rfd1 Rac8 16. Nd4 Qb8 17. Bf3 Nc5 18. Bxb7 Qxb7 19. Qc2 Rfd8 20. Qe2 Rc7 21.
Nf3 Nce4 22. Nxe4 Nxe4 23. Nd2 Nf6 24. Qf3 Qxf3 25. Nxf3 Ne4 26. Bd4 Rc6 27.
Bb2 Rdc8 28. Kf1 {(=)} 1/2-1/2

[Event "2BLW 1819 SC Hansa Dortmund - DJK Aache"]
[Site "?"]
[Date "2018.11.11"]
[Round "2.6"]
[White "Kalka, Arkadius Georg"]
[Black "Van Dael, Siem"]
[Result "0-1"]
[WhiteElo "2337"]
[BlackElo "2231"]
[PlyCount "114"]
[EventDate "2018.??.??"]

1. d4 Nf6 2. Nf3 g6 3. c4 Bg7 4. Nc3 O-O 5. e4 d6 6. Be2 e5 7. d5 Nbd7 8. Bg5
h6 9. Bh4 g5 10. Bg3 Nh5 11. h4 Nxg3 12. fxg3 g4 13. Nh2 h5 14. O-O Bh6 15.
Nxg4 hxg4 16. Bxg4 Nf6 17. Bxc8 Rxc8 18. Rf5 Ne8 19. Qf3 Ng7 20. Rf6 Bf4 21.
Rf5 Bh6 22. Rf6 Be3+ 23. Kh1 Bf4 24. Rf5 Nxf5 25. exf5 Qf6 26. Ne4 Qxf5 27. Ng5
Kg7 28. Rf1 Rh8 29. Nh3 Qh5 30. Qf2 a6 31. gxf4 Qxh4 32. Qe3 Rce8 33. f5 f6 34.
c5 Rd8 35. cxd6 Rxd6 36. Qc5 Rd7 37. Rf3 Qd4 38. Rg3+ Kf7 39. Qc2 Qxd5 40. Kh2
Ke8 41. Qf2 Qd4 42. Qf3 Qxb2 43. a3 Kd8 44. Rg4 a5 45. Qe3 Rd1 46. Qg3 Qa2 47.
Rg6 e4 48. Rg7 Qc4 49. Qg6 Rxh3+ 50. Kxh3 Rh1+ 51. Kg3 Qd3+ 52. Kg4 Qe2+ 53.
Kg3 Qe1+ 54. Kf4 Qf2+ 55. Kxe4 Re1+ 56. Kd5 c6+ 57. Kc4 Qc2+ 0-1

[Event "2BLW 1819 SC Hansa Dortmund - DJK Aache"]
[Site "?"]
[Date "2018.11.11"]
[Round "2.7"]
[White "Skulener, Wladimir"]
[Black "Babar, Michael"]
[Result "1/2-1/2"]
[WhiteElo "2388"]
[BlackElo "2157"]
[PlyCount "87"]
[EventDate "2018.??.??"]

1. d4 Nf6 2. c4 e6 3. Nf3 d5 4. Nc3 Be7 5. Bg5 O-O 6. e3 Ne4 7. Bxe7 Qxe7 8.
Qc2 Nxc3 9. bxc3 Nd7 10. Bd3 h6 11. O-O dxc4 12. Bxc4 e5 13. Qe4 Re8 14. Rfe1
exd4 15. Qxe7 Rxe7 16. cxd4 Nb6 17. Bb3 Be6 18. Bxe6 Rxe6 19. Rec1 Nd5 20. Rab1
b6 21. Rc4 f6 22. Nd2 Re7 23. g3 Rd7 24. e4 Ne7 25. Nb3 c6 26. f3 b5 27. Rc2 a5
28. Rd1 Rdd8 29. Kf2 Kf7 30. Ke3 Ra7 31. a4 Rb8 32. Ra1 Raa8 33. Rca2 bxa4 34.
Nc5 Nc8 35. Rxa4 Rb5 36. Kd3 Ra7 37. Kc3 Nd6 38. Nb3 Nb7 39. R1a2 Ke7 40. Nd2
Nd6 41. Nb3 Nb7 42. Ra1 Kd7 43. Nc1 Kc7 44. Nd3 1/2-1/2

[Event "2BLW 1819 SC Hansa Dortmund - DJK Aache"]
[Site "?"]
[Date "2018.11.11"]
[Round "2.8"]
[White "Zelt, Jens"]
[Black "Marcziter, Dmitrii"]
[Result "0-1"]
[WhiteElo "2098"]
[BlackElo "2235"]
[PlyCount "86"]
[EventDate "2018.??.??"]

1. d4 c5 2. c3 d5 3. Nf3 Nc6 4. e3 e6 5. Bd3 Nf6 6. Nbd2 Bd6 7. O-O O-O 8. dxc5
Bxc5 9. c4 a6 10. a3 Qe7 11. b4 Ba7 12. Bb2 Rd8 13. Qb1 h6 14. Rd1 dxc4 15.
Nxc4 b5 16. Nce5 Nxe5 17. Nxe5 Bb7 18. Qc2 Rac8 19. Qe2 Rd5 20. Nf3 Rdd8 21.
Rac1 Ne4 22. Rxc8 Rxc8 23. Rc1 Rd8 24. Rd1 f6 25. h4 Bb8 26. Bc2 Bd5 27. Rd4 f5
28. Qd1 Ba7 29. Rd3 f4 30. Bb3 fxe3 31. fxe3 Rf8 32. Bxd5 exd5 33. Bd4 Bb8 34.
Qb3 Qe6 35. Bc5 Rd8 36. a4 Bg3 37. axb5 axb5 38. Qa2 Kh7 39. Bd4 Rc8 40. Rd1
Rc4 41. Qa7 Rc7 42. Qa1 Qg4 43. Rf1 Rc2 0-1

[Event "2BLW 1819 DJK Aachen II - TSV Schott Ma"]
[Site "?"]
[Date "2018.11.25"]
[Round "3.1"]
[White "Lobron, Eric"]
[Black "Dambacher, Martijn"]
[Result "1-0"]
[WhiteElo "2504"]
[BlackElo "2501"]
[PlyCount "91"]
[EventDate "2018.??.??"]

1. Nf3 f5 2. g3 Nf6 3. Bg2 e6 4. c4 d5 5. b3 c6 6. O-O Bd6 7. Ba3 e5 8. Qc1
Bxa3 9. Qxa3 e4 10. Ne5 Nbd7 11. d4 Qe7 12. f4 Nf8 13. e3 Bd7 14. Rc1 Ne6 15.
Qxe7+ Kxe7 16. Nc3 Rhc8 17. Bh3 g6 18. Rc2 Nc7 19. c5 Nb5 20. Nxb5 cxb5 21.
Nxd7 Nxd7 22. g4 fxg4 23. Bxg4 Rc7 24. a4 b4 25. a5 Nb8 26. a6 bxa6 27. Ra4 Nc6
28. Rxa6 Rb8 29. h4 h6 30. Rg2 Rf8 31. Be2 Rf6 32. h5 gxh5 33. Bxh5 Kf8 34. Be2
Rb7 35. Kh2 Kf7 36. Kh3 Rb8 37. Kh4 Rb7 38. Bh5+ Kf8 39. Rg1 Rg7 40. Rxg7 Kxg7
41. Bg4 h5 42. Kxh5 Rh6+ 43. Kg5 Rg6+ 44. Kh4 Rh6+ 45. Kg5 Re6 46. f5 1-0

[Event "2BLW 1819 DJK Aachen II - TSV Schott Ma"]
[Site "?"]
[Date "2018.11.25"]
[Round "3.2"]
[White "Van Dooren, Dirk"]
[Black "Balcerak, Jakob"]
[Result "1/2-1/2"]
[WhiteElo "2327"]
[BlackElo "2478"]
[PlyCount "58"]
[EventDate "2018.??.??"]

1. e4 c5 2. Nf3 d6 3. d4 cxd4 4. Nxd4 Nf6 5. Nc3 a6 6. h3 e5 7. Nde2 h5 8. Bg5
Be7 9. Ng3 g6 10. Bc4 Nc6 11. Qd2 Nd4 12. O-O Bxh3 13. f4 Be6 14. Bxf6 Bxf6 15.
Nd5 exf4 16. Nxf6+ Qxf6 17. c3 Bxc4 18. Rxf4 Nf3+ 19. Rxf3 Qe5 20. b3 Be6 21.
Nf5 gxf5 22. exf5 Qc5+ 23. Kh1 Bd5 24. Re1+ Kf8 25. Rg3 h4 26. Rg8+ Rxg8 27.
Qh6+ Rg7 28. Qh8+ Rg8 29. Qh6+ Rg7 1/2-1/2

[Event "2BLW 1819 DJK Aachen II - TSV Schott Ma"]
[Site "?"]
[Date "2018.11.25"]
[Round "3.3"]
[White "Cicak, Slavko"]
[Black "Buscher, Michael"]
[Result "1/2-1/2"]
[WhiteElo "2496"]
[BlackElo "2386"]
[PlyCount "63"]
[EventDate "2018.??.??"]

1. c4 f5 2. Nf3 Nf6 3. b3 d6 4. d4 g6 5. Bb2 Bg7 6. Nbd2 O-O 7. Qc2 c6 8. e3 d5
9. Rc1 Re8 10. cxd5 cxd5 11. Ne5 Nbd7 12. Bb5 a6 13. Qxc8 Qxc8 14. Rxc8 Raxc8
15. Bxd7 Nxd7 16. Nxd7 Rc2 17. Nb6 Rb8 18. Ba3 Rxa2 19. Nb1 e5 20. dxe5 Bxe5
21. O-O Bb2 22. Bc5 Kf7 23. Nxd5 Rd8 24. Nb4 Ra1 25. Nc2 Ra2 26. g3 a5 27. Bd4
Rc8 28. Bxb2 Rxc2 29. Bd4 b5 30. Nc3 Rab2 31. Nxb5 Rxb3 32. Nc3 1/2-1/2

[Event "2BLW 1819 DJK Aachen II - TSV Schott Ma"]
[Site "?"]
[Date "2018.11.25"]
[Round "3.4"]
[White "Lenaerts, Lennert"]
[Black "Schenderowitsch, Michael"]
[Result "1-0"]
[WhiteElo "2364"]
[BlackElo "2335"]
[PlyCount "99"]
[EventDate "2018.??.??"]

1. d4 e6 2. c4 Nf6 3. Nc3 Bb4 4. Qc2 c5 5. dxc5 Na6 6. a3 Bxc3+ 7. Qxc3 Nxc5 8.
f3 d5 9. cxd5 b6 10. b4 Na4 11. Qc2 b5 12. e4 a6 13. Be3 O-O 14. Bd3 exd5 15.
e5 Qe7 16. Bd4 h6 17. f4 Ne4 18. Nf3 Bf5 19. O-O Rac8 20. Qe2 Rc7 21. Qe1 Ng3
22. Qxg3 Bxd3 23. Nh4 Rc4 24. f5 Qg5 25. Qxd3 Qxh4 26. Rad1 Qe4 27. Rfe1 Qxd3
28. Rxd3 Rc2 29. e6 fxe6 30. fxe6 Re8 31. Rg3 Rc7 32. h4 Kh7 33. h5 Ree7 34.
Rg6 Nc3 35. Bc5 Re8 36. Rf1 Kg8 37. e7 Rexe7 38. Bxe7 Rxe7 39. Rxa6 Ne2+ 40.
Kh2 Re5 41. Ra8+ Kh7 42. g4 Re7 43. Rff8 g5 44. Rae8 Rxe8 45. Rxe8 Nf4 46. a4
bxa4 47. b5 a3 48. b6 a2 49. Re7+ Kg8 50. Ra7 1-0

[Event "2BLW 1819 DJK Aachen II - TSV Schott Ma"]
[Site "?"]
[Date "2018.11.25"]
[Round "3.5"]
[White "Cremer, Kevin"]
[Black "Van Dael, Siem"]
[Result "1-0"]
[WhiteElo "2226"]
[BlackElo "2231"]
[PlyCount "81"]
[EventDate "2018.??.??"]

1. e4 c5 2. Nf3 d6 3. d4 cxd4 4. Nxd4 Nf6 5. Nc3 g6 6. Be3 Bg7 7. f3 O-O 8. Qd2
Nc6 9. g4 Nxd4 10. Bxd4 Be6 11. h4 Qa5 12. h5 Rfc8 13. h6 Bh8 14. g5 Ne8 15.
Bxh8 Kxh8 16. Nb5 Qxd2+ 17. Kxd2 Rc5 18. f4 Bd7 19. Nd4 f6 20. b4 Rcc8 21. Bd3
e5 22. Nf3 Bg4 23. Nh2 Bh3 24. Rag1 Be6 25. a4 fxg5 26. fxe5 d5 27. Nf3 dxe4
28. Bxe4 Rc4 29. Nxg5 Rd8+ 30. Bd3 Nc7 31. Ke2 Rxb4 32. Rb1 Rg4 33. Nxe6 Nxe6
34. Rxb7 Rxa4 35. Rf1 Rh4 36. Rf6 Nd4+ 37. Kd2 Rh2+ 38. Kc3 Nxc2 39. Rff7 Rxh6
40. Bxc2 Rh5 41. e6 1-0

[Event "2BLW 1819 DJK Aachen II - TSV Schott Ma"]
[Site "?"]
[Date "2018.11.25"]
[Round "3.6"]
[White "Skulener, Wladimir"]
[Black "Goebel, Constantin"]
[Result "1/2-1/2"]
[WhiteElo "2388"]
[BlackElo "2214"]
[PlyCount "33"]
[EventDate "2018.??.??"]

1. d4 Nf6 2. c4 e6 3. Nf3 Bb4+ 4. Bd2 c5 5. Bxb4 cxb4 6. a3 bxa3 7. Rxa3 O-O 8.
Nc3 d6 9. g3 Nc6 10. Bg2 Re8 11. O-O e5 12. d5 Nb4 13. Nb5 Qb6 14. Qb3 a5 15.
Qe3 Qd8 16. Rc3 Ra6 17. Ne1 {(=)} 1/2-1/2